02276cam a22004094i 4500003000900000005001700009008004100026035001900067040003300086082002100119100002900140245016000169264006300329300007600392336002100468337002500489338002300514505110700537526001001644526001001654526000901664526000901673526000901682526000901691526000901700526000901709526000801718526000801726526000801734526000801742526000801750526000801758526000801766526000801774650006301782700002101845PE-LiUPU20250731180119.0150623s r 000 0 d a(Sirsi) a26573 aPE-LiUPUbspacPE-LiUPUerda04a530.76bR44G2211 aResnick, Robert,eautor.10aFundamentos de física y física partes I y II :bguía de estudio para el estudiante con problemas programados para complementar [a] /cRobert Resnick. 1aMéxico, DF :bCompañía Editorial Continental,c1981. a398 páginas :bilustraciones tablas, diágrs., gráficos ;c32 cm. atext2rdacontent aunmediated2rdamedia avolume2rdacarrier0 aMedición. Vectores. Movimiento en una dimensión. Movimiento en un plano. Dinámica de la partícula. Trabajo y energía. Conservación de la energía. Conservación de la cantidad del movimiento líneal. Choques. Cinemática de la rotación. Dinámica de la rotación. Equilibrio de los cuerpos rígidos. Oscilaciones. Gravitación. Fluidos. Ondas en los medios elásticos. Ondas sonoras. Temperatura. Termodinámica. Teoría cinética de los gases. Conceptos preliminares para la parte II. Carga y materia. El campo eléctrico. Ley de Gauss. Potencial eléctrico. Capacitores y dieléctricos. Corriente y resistencia. Fuerza electromotriz y circuitos. El campo magnético. Ley de Ampere. Ley de Faraday. *Inductancia*. Propiedades magnéticas de la matería. Oscilaciones electromagnéticas. Ondas electromagnéticas. Naturaleza y propagación de la luz. Reflexión y refracción superficies planas. Reflexión y refracción superficies esféricas. Interferencias. Difracción. Redes de difracción. Polarización. Luz y física cuántica. Ondas y partículas. aSEG44 aSEG26 aP159 aP155 aP154 aP153 aP150 aP100 aP31 aP30 aP26 aP25 aP24 aP22 aP15 aP1004aFísicaxProblemas y ejercicios, etc.vGuía de estudio.1 aHalliday, David.